| 000 | 00531 a2200169 4500 | ||
|---|---|---|---|
| 999 |
_c5457 _d5457 |
||
| 020 | _a9788187680093 | ||
| 050 | _aR 858 MAR 2003 | ||
| 100 |
_aMarwaha, S. S. _eEditor |
||
| 245 |
_aBiotechnological strategies in agro-processing / _cedited by S. S and J. K Arora |
||
| 264 |
_aNew Delhi: _bAsiatech Publishers Inc., _c2003 |
||
| 300 |
_a475p. : _bill. |
||
| 500 | _aIncludes references | ||
| 650 | _aAgricultural biotechnology | ||
| 650 | _aAgricultural processing | ||
| 700 |
_aArora, J. K _eEditor |
||
| 942 |
_2lcc _cBK _h858 _iMAR _kR |
||